000 00491nam a2200181 a 4500
001 13227
003 CO-ViMGA
008 141112s2004 ck r 000 u spa d
040 _aCO-ViMGA
_bspa
_cCO-ViMGA
082 0 4 _a332.41 S175d
100 1 _aSarmiento Palacio, Eduardo
245 1 0 _aDiario de una inflacion creciente con estancamiento
260 _aBogotá :
_bBeta Impresores Ltda,
_c1990
300 _a65p.
650 1 4 _aINFLACION
650 1 4 _aPolĂ­tica ECONOMICA
942 _2ddc
_cBK
999 _c23975
_d23975